| 000 | 00496nam a2200181Ia 4500 | ||
|---|---|---|---|
| 008 | 220216s9999 xx 000 0 und d | ||
| 100 | _aMakuuchi K | ||
| 245 | 0 | _aAllergic response to radiation cured natural rubber latex | |
| 260 |
_bInternational Polymer Science and Technology _c1996 |
||
| 300 | _a28-32 | ||
| 650 | _aAllergic response | ||
| 650 | _aNatural rubber latex | ||
| 650 | _aRadiation curing | ||
| 700 | _aHykutake K | ||
| 700 | _aKume T | ||
| 700 | _aYoshii F | ||
| 942 | _cJS | ||
| 999 |
_c54049 _d54049 |
||